Cooperativa de trabajo /

Guardado en:
Autor Principal: Antoni, Antoine.
Otros Autores: Mondini, Ermanno., Graham, Florencio.
Formato: Libro
Idioma:Spanish
Publicado: Buenos Aires : INTERCOOP, Editora Cooperativa Ltda., 1980.
Series:Ediciones Intercoop/Argentina. Cuadernos de cultura cooperativa ; 59.
Materias:
Acceso en línea:Índice
Etiquetas: Agregar Etiqueta
Sin Etiquetas, Sea el primero en etiquetar este registro!
LEADER 01039nam a2200241a 4500
001 EAD.ead003939
008 080718s1980####ag############000#0#spa#d
005 20160819115434.0
245 1 0 |a Cooperativa de trabajo /  |c Antoine Antoni, Ermanno Mondini, Florencio Graham. 
260 |a Buenos Aires :  |b INTERCOOP, Editora Cooperativa Ltda.,  |c 1980. 
300 |a 285 p. ;  |c 19 cm. 
490 1 |a Ediciones Intercoop/Argentina. Cuadernos de cultura cooperativa ;  |v 59 
100 1 |a Antoni, Antoine. 
700 1 |a Mondini, Ermanno. 
700 1 |a Graham, Florencio. 
830 0 |a Ediciones Intercoop/Argentina.  |p Cuadernos de cultura cooperativa ;  |v 59. 
082 0 4 |a 334.6  |2 21 
653 |a Cooperativas de trabajo 
653 |a Cooperativas artesanales 
650 7 |a Cooperativismo.  |2 isoc 
856 |y Índice  |u http://ccc.opac.com.ar/wsvpic/wsvpic.html?pic=/pgmedia/UI1%5FCCC/1-00745%5FI1.jpg 
859 |a AR-BaBDC  |b BIB. ADMINISTRACION GABCOOP - Libros  |h 334.6  |i An88  |p g00496 
859 |a AR-BaBDC  |b BIB. ADMINISTRACION GABCOOP - Libros  |h 334.6  |i An88  |p g01374  |t Ej.2